Portarse bien con uno mismo /

Estudio en que el autor aborda dos cuestiones en el comportamiento de la vida cristiana: por un lado, da cuenta de las causas que ha llevado a la persona a autoflagelarse, y por otro, propone alternativas que la conduzcan hacia sí misma y a ser misericordiosa consigo misma. Fundamenta su propuesta e...

ver descrição completa

Na minha lista:
Detalhes bibliográficos
Autor principal: Grün, Anselm (autor)
Formato: Livro
Idioma:espanhol
Publicado em: Salamanca, España : Sígueme, 1997, c1997
Colecção:(Pedal ; 237)
Assuntos:
Tags: Adicionar Tag
Sem tags, seja o primeiro a adicionar uma tag!

MARC

LEADER 00000nam^a2200000^a^4500
001 000187423
005 20250521000000.0
009 20260310102301.612
020 |a 84-301-1319-3 
037 |a Acervo ITESO - Biblioteca 
041 |a ESP 
082 |a 248. 47  |b GRU 
100 |a Grün, Anselm  |e (autor) 
245 1 0 |a Portarse bien con uno mismo /  |c A. Grün ; tr. por José María Hernández Blanco. 
264 4 |a Salamanca, España :  |b Sígueme,  |c 1997, c1997 
300 |a 108 p. 
336 |a texto  |b txt  |2 rdacontenido 
337 |a sin mediación  |b n  |2 rdamedio 
338 |a volumen  |b nc  |2 rdasoporte 
440 1 |a (Pedal ;  |v 237) 
500 |a Traducción de: Gut mit sich selbst umgehen 
520 |a Estudio en que el autor aborda dos cuestiones en el comportamiento de la vida cristiana: por un lado, da cuenta de las causas que ha llevado a la persona a autoflagelarse, y por otro, propone alternativas que la conduzcan hacia sí misma y a ser misericordiosa consigo misma. Fundamenta su propuesta en la Biblia y en la tradición espiritual de la Iglesia. 
649 |a XX 
650 |a Conducta de Vida 
650 |a Vida Cristiana 
650 |a Misericordia 
650 |a Ascetismo 
650 |a Espiritualidad 
650 |a Iglesia Católica 
650 |a Catolicismo 
650 |a Cristianismo 
650 |a Religión 
910 |a Fondo General 
920 |a Impresos - Libros 
930 |a Colección General 
905 |a 101 
901 |a 0500129833  |b IT1  |c ACC  |u 20250521 
902 |a https://opac.biblio.iteso.mx/vufind/Record/000187423